[Event "Vienna op"]
[Site "Vienna"]
[Date "2019.08.19"]
[Round "4"]
[White "Dastan, Batuhan Muhammed"]
[Black "Csiki, Endre"]
[Result "1-0"]
[WhiteElo "2582"]
[BlackElo "2351"]
[PlyCount "89"]
[EventDate "2019.08.17"]
[EventType "swiss"]
[EventRounds "9"]
[EventCountry "AUT"]
[SourceTitle "EXT 2020"]
[Source "ChessBase"]
[SourceDate "2019.10.17"]
[SourceVersion "1"]
[SourceVersionDate "2019.10.17"]
[SourceQuality "1"]

1. e4 c5 2. Nf3 d6 3. d4 cxd4 4. Nxd4 Nf6 5. Nc3 e5 6. Nb3 Be7 7. Be2 Nc6 8. Bg5 a6 9. Qd3 h6 10. Bxf6 Bxf6 11. 0-0-0 Be7 12. Nd5 Bg5+ 13. Kb1 0-0 14. g3 Be6 15. h4 Bf6 16. Qe3 Bxd5 17. Rxd5 Qc7 18. Rdd1 Rfd8 19. g4 g5 20. Nd2 Nd4 21. c3 Ne6 22. Nc4 Qc5 23. hxg5 Bxg5 24. Qxc5 dxc5 25. Nxe5 Rxd1+ 26. Rxd1 Rd8 27. Rxd8+ Nxd8 28. Bc4 Kg7 29. Bd5 Be7 30. f4 Bd6 31. Nd3 f6 32. Kc2 b6 33. Kd2 Kf8 34. Ke3 Ke7 35. e5 fxe5 36. fxe5 Bc7 37. Ke4 Nf7 38. Bxf7 Kxf7 39. c4 Kg6 40. Nf4+ Kf7 41. a4 Bd8 42. Kf5 Ke8 43. Ke6 Bg5 44. Nd5 Bd8 45. b3 1-0

[Event "Vienna op"]
[Site "Vienna"]
[Date "2019.08.18"]
[Round "3"]
[White "Muckle, Julius"]
[Black "Dastan, Batuhan Muhammed"]
[Result "1/2-1/2"]
[WhiteElo "2368"]
[BlackElo "2582"]
[PlyCount "153"]
[EventDate "2019.08.17"]
[EventType "swiss"]
[EventRounds "9"]
[EventCountry "AUT"]
[SourceTitle "EXT 2020"]
[Source "ChessBase"]
[SourceDate "2019.10.17"]
[SourceVersion "1"]
[SourceVersionDate "2019.10.17"]
[SourceQuality "1"]

1. d4 f5 2. c4 Nf6 3. Nc3 d6 4. Nf3 g6 5. g3 Bg7 6. Bg2 0-0 7. 0-0 c6 8. d5 e5 9. dxe6 Bxe6 10. b3 Na6 11. Bb2 Qc7 12. Rc1 Rad8 13. Qc2 Kh8 14. Rfd1 Bg8 15. Nh4 Rfe8 16. e4 fxe4 17. Nxe4 Nxe4 18. Bxe4 Nb4 19. Qb1 Bxb2 20. Qxb2+ Qg7 21. Qb1 Nxa2 22. Qxa2 Rxe4 23. Qxa7 d5 24. Ng2 Rf8 25. Ne3 d4 26. Nc2 Qf6 27. Rd2 Be6 28. Nxd4 Bh3 29. Qa1 Kg8 30. Re1 Rfe8 31. Rxe4 Rxe4 32. f3 Re8 33. Kf2 Rd8 34. Qc3 Rd7 35. Qe3 Re7 36. Qf4 Qxf4 37. gxf4 Rd7 38. b4 Be6 39. c5 Kf7 40. Ke3 Bd5 41. Ne2 Re7+ 42. Kf2 Be6 43. Rd6 Ke8 44. Nc3 Bf5 45. b5 cxb5 46. Nxb5 Bd7 47. Nd4 Bc8 48. Rd5 Be6 49. Re5 Kd7 50. Ke3 Bd5 51. h4 Bc4 52. Rxe7+ Kxe7 53. f5 Kf6 54. fxg6 hxg6 55. Kf4 Bd3 56. Nb3 Bc4 57. Nd2 Bd5 58. Ne4+ Ke6 59. Kg5 Kf7 60. Nd6+ Kg7 61. f4 Bc6 62. f5 gxf5 63. Nxf5+ Kh7 64. Kf6 Bf3 65. Kg5 Kg8 66. Kg6 Kf8 67. Kf6 Ke8 68. Ke6 Kf8 69. Kd6 Kf7 70. Kc7 Kg6 71. Nd6 Kh5 72. Nxb7 Kxh4 73. Nd6 Kg5 74. Nc8 Kf6 75. Kd6 Kf7 76. Nb6 Ke8 77. Nc4 1/2-1/2

[Event "Riga Tech op-A"]
[Site "Riga"]
[Date "2019.08.10"]
[Round "8"]
[White "Grinev, Valeriy"]
[Black "Dastan, Batuhan Muhammed"]
[Result "0-1"]
[WhiteElo "2439"]
[BlackElo "2582"]
[PlyCount "118"]
[EventDate "2019.08.05"]
[EventType "swiss"]
[EventRounds "9"]
[EventCountry "LAT"]
[SourceTitle "CBM 191 Extra"]
[Source "ChessBase"]
[SourceDate "2019.09.30"]
[SourceVersion "1"]
[SourceVersionDate "2019.09.30"]
[SourceQuality "1"]

1. c4 f5 2. Nc3 Nf6 3. g3 g6 4. Nf3 Bg7 5. Bg2 0-0 6. 0-0 d6 7. d4 c6 8. Rb1 a5 9. Qb3 Na6 10. Rd1 h6 11. Na4 Rb8 12. Qb6 Be6 13. b3 Nd7 14. Qxd8 Rfxd8 15. d5 cxd5 16. cxd5 Bf7 17. Nd4 Nc7 18. Bb2 Bxd4 19. Rxd4 b5 20. Nc3 Nf6 21. Rbd1 b4 22. Na4 Kh7 23. R4d3 Kg7 24. Bd4 Rb5 25. Nb6 g5 26. e4 fxe4 27. Bxe4 Kf8 28. Bxf6 exf6 29. Nc4 f5 30. Bxf5 Nxd5 31. R1d2 Nc3 32. Ne3 Rc5 33. Rd4 Nb5 34. R4d3 d5 35. Nc2 d4 36. g4 Rc3 37. Kg2 Rxd3 38. Rxd3 Kg7 39. f4 Bd5+ 40. Kg3 Bb7 41. fxg5 hxg5 42. h4 gxh4+ 43. Kxh4 Kf6 44. Rd2 Ke5 45. Re2+ Kf4 46. Rf2+ Bf3 47. Kh5 Kg3 48. Rd2 Bxg4+ 49. Bxg4 Rd5+ 50. Kg6 Kxg4 51. Rf2 Nd6 52. Rd2 Nf5 53. a3 d3 54. Ne1 Nh4+ 55. Kf6 Nf3 56. Ng2 Rf5+ 57. Ke6 Nxd2 58. Ne3+ Kf4 59. Nxf5 bxa3 0-1

[Event "Riga Tech op-A"]
[Site "Riga"]
[Date "2019.08.09"]
[Round "7"]
[White "Dastan, Batuhan Muhammed"]
[Black "Zanan, Evgeny"]
[Result "1/2-1/2"]
[WhiteElo "2582"]
[BlackElo "2486"]
[PlyCount "96"]
[EventDate "2019.08.05"]
[EventType "swiss"]
[EventRounds "9"]
[EventCountry "LAT"]
[SourceTitle "CBM 191 Extra"]
[Source "ChessBase"]
[SourceDate "2019.09.30"]
[SourceVersion "1"]
[SourceVersionDate "2019.09.30"]
[SourceQuality "1"]

1. e4 c5 2. Nf3 d6 3. Bb5+ Nd7 4. Ba4 a6 5. c4 Ngf6 6. 0-0 g6 7. Nc3 Bg7 8. d3 0-0 9. Rb1 Nb8 10. h3 Nc6 11. a3 Nd7 12. Bg5 Rb8 13. Qd2 Nd4 14. Nxd4 cxd4 15. Nd5 f6 16. Bh6 e6 17. Bxd7 Bxd7 18. Nb4 Qc7 19. Bxg7 Kxg7 20. f4 a5 21. Nc2 e5 22. b4 b5 23. cxb5 a4 24. Rbc1 Qb7 25. h4 Bxb5 26. h5 Qe7 27. h6+ Kg8 28. Ne1 Rbc8 29. Nf3 Bd7 30. Qb2 Qe6 31. Nd2 Bb5 32. f5 Qf7 33. Rf3 g5 34. Kf2 Qb7 35. Qa2+ Qf7 36. Qb2 Rxc1 37. Qxc1 Qd7 38. Nc4 Rc8 39. Rg3 Kh8 40. Kg1 Qf7 41. Qc2 Kg8 42. Qd1 Bxc4 43. dxc4 Qxc4 44. Qxa4 Qc1+ 45. Kh2 Qf4 46. Qd7 Qh4+ 47. Rh3 Qf4+ 48. Rg3 Qh4+ 1/2-1/2

[Event "Riga Tech op-A"]
[Site "Riga"]
[Date "2019.08.06"]
[Round "3"]
[White "Dastan, Batuhan Muhammed"]
[Black "Low, Zhen Yu Cyrus"]
[Result "1/2-1/2"]
[WhiteElo "2582"]
[BlackElo "2413"]
[PlyCount "129"]
[EventDate "2019.08.05"]
[EventType "swiss"]
[EventRounds "9"]
[EventCountry "LAT"]
[SourceTitle "CBM 191 Extra"]
[Source "ChessBase"]
[SourceDate "2019.09.30"]
[SourceVersion "1"]
[SourceVersionDate "2019.09.30"]
[SourceQuality "1"]

1. e4 c5 2. Nf3 Nc6 3. d4 cxd4 4. Nxd4 Nf6 5. Nc3 d6 6. f3 e5 7. Nb3 Be6 8. Nd5 Bxd5 9. exd5 Ne7 10. Bg5 Nd7 11. Qd2 h6 12. Be3 Nf5 13. Bf2 Be7 14. Bd3 Nh4 15. 0-0 0-0 16. Qb4 Nb6 17. Bxb6 axb6 18. g3 Ng6 19. Bxg6 fxg6 20. Nd2 Qc7 21. Qe4 b5 22. Qd3 Rfc8 23. c3 b4 24. Ne4 bxc3 25. Nxc3 Kh7 26. Kg2 Qc4 27. Rad1 b5 28. a3 b4 29. axb4 Qxb4 30. Rf2 Rab8 31. Ra1 Qc4 32. Qe4 Rb7 33. Qc2 Rcb8 34. Ra4 Qc5 35. Ra2 Bd8 36. Qd3 Rb3 37. Qd1 R3b4 38. Re2 Rd4 39. Qc2 Ba5 40. h4 h5 41. Ne4 Qxc2 42. Rxc2 Rxd5 43. b4 Bxb4 44. Rc7 Ra5 45. Ng5+ Kg8 46. Rac2 Rc5 47. R2xc5 Bxc5 48. Ne6 Kh8 49. Rxg7 Rb2+ 50. Kh3 Bg1 51. g4 hxg4+ 52. Kxg4 Rg2+ 53. Kh3 Rh2+ 54. Kg3 e4 55. fxe4 Re2 56. Rd7 Bh2+ 57. Kf3 Re1 58. Kf2 Rb1 59. Rd8+ Kh7 60. Rd7+ Kh8 61. Ng5 Kg8 62. Rd8+ Kg7 63. Rd7+ Kg8 64. Rd8+ Kg7 65. Rd7+ 1/2-1/2

[Event "TUR-chT"]
[Site "Konya"]
[Date "2019.07.21"]
[Round "6.2"]
[White "Sanal, Vahap"]
[Black "Dastan, Batuhan Muhammed"]
[Result "1/2-1/2"]
[WhiteElo "2520"]
[BlackElo "2565"]
[PlyCount "62"]
[EventDate "2019.07.17"]
[EventType "team-tourn"]
[EventRounds "13"]
[EventCountry "TUR"]
[SourceTitle "CBM 191 Extra"]
[Source "ChessBase"]
[SourceDate "2019.09.30"]
[SourceVersion "1"]
[SourceVersionDate "2019.09.30"]
[SourceQuality "1"]
[WhiteTeam "Deniz su Aquamatch"]
[BlackTeam "Rota Koleji Dernegi"]
[WhiteTeamCountry "TUR"]
[BlackTeamCountry "TUR"]

1. e4 e5 2. Nf3 Nc6 3. Bb5 f5 4. d3 fxe4 5. dxe4 Nf6 6. Nc3 Bb4 7. Qd3 Bxc3+ 8. Qxc3 Qe7 9. 0-0 Nxe4 10. Qe3 Nf6 11. Bxc6 bxc6 12. Nxe5 0-0 13. Bd2 c5 14. Rfe1 d6 15. Ng4 Qxe3 16. Nxf6+ Rxf6 17. Rxe3 Bf5 18. c4 Re6 19. Rae1 Rae8 20. Ba5 Rxe3 21. Rxe3 Rxe3 22. fxe3 Be6 23. Bxc7 Bxc4 24. a3 d5 25. Bd6 a5 26. a4 d4 27. Kf2 dxe3+ 28. Kxe3 Bb3 29. Bxc5 Bxa4 30. Bb6 Bc6 31. Bxa5 Bxg2 1/2-1/2

[Event "TUR-chT"]
[Site "Konya"]
[Date "2019.07.18"]
[Round "2.2"]
[White "Dastan, Batuhan Muhammed"]
[Black "Moiseenko, Vadim"]
[Result "1-0"]
[WhiteElo "2565"]
[BlackElo "2523"]
[PlyCount "77"]
[EventDate "2019.07.17"]
[EventType "team-tourn"]
[EventRounds "13"]
[EventCountry "TUR"]
[SourceTitle "CBM 191 Extra"]
[Source "ChessBase"]
[SourceDate "2019.09.30"]
[SourceVersion "1"]
[SourceVersionDate "2019.09.30"]
[SourceQuality "1"]
[WhiteTeam "Rota Koleji Dernegi"]
[BlackTeam "Tas Duvar"]
[WhiteTeamCountry "TUR"]
[BlackTeamCountry "TUR"]

1. e4 e5 2. Nf3 Nc6 3. Bc4 Nf6 4. d3 Be7 5. 0-0 0-0 6. h3 d6 7. a4 h6 8. Re1 Kh8 9. Nc3 Na5 10. Ba2 c5 11. Nd5 Nxd5 12. Bxd5 Be6 13. c3 Rc8 14. Bxe6 fxe6 15. Be3 b6 16. b4 cxb4 17. cxb4 Nc6 18. Qb3 d5 19. b5 Na5 20. Qa2 Qd6 21. Rac1 Nb7 22. Rxc8 Rxc8 23. exd5 exd5 24. d4 exd4 25. Bxd4 Rf8 26. Re5 Rd8 27. Qe2 Bf8 28. Re6 Qf4 29. g3 Qc1+ 30. Kg2 Nd6 31. Ne5 Kg8 32. Qf3 Qd2 33. Rxd6 Rxd6 34. Qf7+ Kh7 35. Nf3 Qc2 36. Qxf8 Rg6 37. Qf4 Qxa4 38. Qf5 Qxb5 39. h4 1-0

[Event "Teplice op 14th"]
[Site "Teplice"]
[Date "2019.06.21"]
[Round "7"]
[White "Dastan, Batuhan Muhammed"]
[Black "Kraus, Tomas"]
[Result "1/2-1/2"]
[WhiteElo "2561"]
[BlackElo "2479"]
[PlyCount "67"]
[EventDate "2019.06.15"]
[EventType "swiss"]
[EventRounds "9"]
[EventCountry "CZE"]
[SourceTitle "CBM 191 Extra"]
[Source "ChessBase"]
[SourceDate "2019.09.30"]
[SourceVersion "1"]
[SourceVersionDate "2019.09.30"]
[SourceQuality "1"]

1. e4 c5 2. Nf3 Nc6 3. d4 cxd4 4. Nxd4 Nf6 5. Nc3 e5 6. Ndb5 d6 7. Nd5 Nxd5 8. exd5 Ne7 9. c4 Ng6 10. Qa4 Bd7 11. Qb4 Bf5 12. h4 h5 13. Qa4 Bd7 14. Qb3 a6 15. Bg5 f6 16. Bd3 Kf7 17. Qc2 e4 18. Bxe4 Ne5 19. f4 Nxc4 20. Bg6+ Kg8 21. Qxc4 axb5 22. Qd3 Be8 23. 0-0 Bxg6 24. Qxg6 Qe8 25. Qd3 Qd7 26. Rf3 Be7 27. Re1 Rf8 28. Re6 Bd8 29. Kh1 Rh7 30. Qg6 Qf7 31. Qe4 Qd7 32. Qg6 Qf7 33. Qe4 Qd7 34. Qg6 1/2-1/2

[Event "Teplice op 14th"]
[Site "Teplice"]
[Date "2019.06.20"]
[Round "6"]
[White "Gumularz, Szymon"]
[Black "Dastan, Batuhan Muhammed"]
[Result "1/2-1/2"]
[WhiteElo "2495"]
[BlackElo "2561"]
[PlyCount "61"]
[EventDate "2019.06.15"]
[EventType "swiss"]
[EventRounds "9"]
[EventCountry "CZE"]
[SourceTitle "CBM 191 Extra"]
[Source "ChessBase"]
[SourceDate "2019.09.30"]
[SourceVersion "1"]
[SourceVersionDate "2019.09.30"]
[SourceQuality "1"]

1. d4 d5 2. c4 dxc4 3. Nf3 Nf6 4. e3 e6 5. Bxc4 c5 6. 0-0 a6 7. Bb3 cxd4 8. exd4 Nc6 9. Nc3 Be7 10. Re1 0-0 11. a3 b5 12. d5 exd5 13. Nxd5 Nxd5 14. Bxd5 Bb7 15. Bf4 Bf6 16. Rc1 Rc8 17. b4 Ba8 18. Bd6 Re8 19. Bxf7+ Kxf7 20. Qd5+ Kg6 21. Qd3+ Kf7 22. Qd5+ Kg6 23. Qd3+ Kf7 24. Qd5+ Kg6 25. Qd3+ Kf7 26. Qd5+ Kg6 27. Qd3+ Kf7 28. Qd5+ Kg6 29. Qd3+ Kf7 30. Qd5+ Kg6 31. Qd3+ 1/2-1/2

[Event "Istanbul Galatasaray blitz"]
[Site "Istanbul"]
[Date "2019.03.24"]
[Round "11"]
[White "Arat, Ufuk Sezen"]
[Black "Dastan, Batuhan Muhammed"]
[Result "0-1"]
[WhiteElo "2368"]
[BlackElo "2561"]
[PlyCount "152"]
[EventDate "2019.03.24"]
[EventType "tourn (blitz)"]
[EventRounds "18"]
[EventCountry "TUR"]
[EventCategory "7"]
[SourceTitle "CBM 189 Extra"]
[Source "ChessBase"]
[SourceDate "2019.06.03"]
[SourceVersion "1"]
[SourceVersionDate "2019.06.03"]
[SourceQuality "1"]

1. d4 d5 2. c4 dxc4 3. Nf3 Nf6 4. e3 e6 5. Bxc4 c5 6. 0-0 a6 7. Nbd2 b6 8. e4 cxd4 9. e5 Nd5 10. Ne4 Be7 11. Bg5 0-0 12. Bxe7 Nxe7 13. Qxd4 Nbc6 14. Qe3 Qc7 15. Rac1 Nxe5 16. Bxe6 Nxf3+ 17. Qxf3 Qa7 18. Bb3 Bf5 19. Nd6 Bg6 20. Rfe1 Rad8 21. Qg3 Nf5 22. Nxf5 Bxf5 23. h3 Bg6 24. Rc7 Qb8 25. Ree7 Rc8 26. Qd6 Rxc7 27. Qxc7 h6 28. Qc6 Kh7 29. Rb7 Qe5 30. Qc3 Qd6 31. Rc7 Rd8 32. Rc6 Qf4 33. Rxb6 Rd2 34. Qe3 Qxe3 35. fxe3 Be4 36. g4 Rxb2 37. Rxa6 Re2 38. Bxf7 Rxe3 39. Bb3 Rxh3 40. Re6 Bg6 41. Kf2 Rc3 42. Re3 Rc5 43. Kg3 Rg5 44. Kf4 Rb5 45. Re5 Rb4+ 46. Kg3 Rb6 47. Bc4 Rb4 48. Rc5 Ra4 49. Bb3 Rb4 50. Rc8 Bd3 51. Rc3 Bb1 52. a4 Kg6 53. a5 Rb5 54. a6 Ra5 55. Rc6+ Kg5 56. Rb6 Ra3 57. Kf2 Kxg4 58. Rb4+ Kf5 59. Ba4 Be4 60. a7 Bh1 61. Rb5+ Kf4 62. Ra5 Ra2+ 63. Ke1 Ra1+ 64. Kd2 Ba8 65. Kc3 g5 66. Kb2 Re1 67. Rb5 Re7 68. Ra5 h5 69. Bd1 h4 70. Ra4+ Re4 71. Ra6 h3 72. Rf6+ Kg3 73. Rf8 Bb7 74. Bf3 Re7 75. Be2 h2 76. Rh8 Rxe2+ 0-1